01242nam a22002777a 450000500170000000800410001702000180005804000270007604100080010304400070011108200190011824502080013726000880034530000790043350000250051250400610053765000470059865000540064565000490069965000560074870000290080470000340083370000390086770000280090670000300093420150922125103.0150922b2008 ve |||||r|||| 00| 0 spa d a9789802611034 aCO-BoIAVH cCO-BoIAVH 0 aeng ave04a577.2072bN26h1 aManual of methodsbHuman, Ecological and Biophysical Dimensions of Tropical Dry Forests / cEditado por Jafet M. Nassar, Jon Paul Rodríguez, Arturo Sánchez-Azofeifa, Theresa Garvin y Mauricio Quesada aCaracas (Venezuela):bInstituto Venezolano de Investigaciones Científicas,c2008. a135 páginas :bilustraciones (algunas a color), mapas y tablas ;c29 cm. aIncluye apéndices. aIncluye referencias bibliográficas (páginas 97-102). 4aBosques tropicalesvManualxConservación 4aBosques tropicalesvManualxProcesos ecológicos 4aBosque seco tropicalvManualxConservación 4aBosque seco tropicalvManualxProcesos ecológicos1 aNassar, Jafet M.eEditor1 aRodríguez, Jon PauleEditor1 aSánchez-Azofeita, ArturoeEditor1 aGavin, TheresaeEditora1 aQuesada, MauricioeEditor